000 00384nam a2200145Ia 4500
008 230917s9999||||xx |||||||||||||| ||und||
040 _e5005924
_aMAIN
041 _aEnglish
082 _a519.287 N638G
100 _aNitika
245 0 _aGeneralized reliability measures of non-series parallel systems with arbitrary failure laws
260 _c2021
300 _a149 p.
942 _cBK
999 _c9603
_d9603